| 000 | 01283nam a22003137a 4500 | ||
|---|---|---|---|
| 001 | 0041637 | ||
| 003 | KOHA_MİRAKIL | ||
| 005 | 20260207003244.0 | ||
| 007 | ta | ||
| 008 | 130813b2001 tu a|||gr||||#||||0|tur | | ||
| 020 | _a9755560491 | ||
| 040 |
_aTR-BiSEU _btur _cTR-BiSEU _erda |
||
| 041 | 0 | _atur | |
| 044 | _ctu | ||
| 050 |
_aQD453.2 _b.A85 2001 |
||
| 100 | 1 | _aAtkins, P.W.. | |
| 245 | 1 |
_aFizikokimya/ _cP.W. Atkins ; P.W. Atkins; çeviren Salih Yıldız, Hamza Yılmaz, Esma Kılıç. |
|
| 250 | _a2. Baskı | ||
| 264 | 1 |
_aAnkara : _bBilim Yayınevi _c2001 |
|
| 300 |
_aXX, 1014 sayfa : _bresimli ; _c27 cm. |
||
| 336 |
_ametin _btxt _2rdacontent |
||
| 337 |
_aaracısız _bn _2rdamedia |
||
| 338 |
_acilt _bnc _2rdacarrier |
||
| 500 | _aDizin var. | ||
| 505 |
_a- Denge _x- Gazların Özellikleri _x- Saf Maddelerin Fiziksel Dönüümleri _x- Kimyasal Denge _x- Maddelerin Yapıları _x- Kuantum Teorisi _x- Atomun Yapısı ve Atomik Spektrumlar _x- Molekül Yapısı _x- İstatistik Ternodinamik _x- Makromoleküller ve Kolloidler _x- Değişme _x- Hareket Halindeki Moleküller _x- Karmaşık Reaksiyonların Kinetiği _x- Katı Yüzeylerdeki Olaylar _x- Dinamik Elektrokimya |
||
| 650 | 0 |
_aFizikokimya. _93322 |
|
| 650 | 0 |
_aPhysical Chemistry. _951887 |
|
| 942 |
_2lcc _cBK |
||
| 999 |
_c41487 _d41487 |
||